Pure Heroine- Album (Lorde) - Statistics

General Stats
  • This quiz has been taken 46 times
  • The average score is 8 of 10
Answer Stats
Hint Answer % Correct
4. Ribs
97%
3. Royals
94%
1. Tennis Court
94%
2. 400 Lux
89%
6. Team
86%
10. A World Alone
83%
7. Glory & Gore
80%
5. Buzzcut Season
74%
9. White Teeth Teens
71%
8. Still Sane
54%
No matching quizzes found
Score Distribution
Percent of People with Each Score
Percentile by Number Answered
Your Score History
You have not taken this quiz